Patient safety in emergency medicine / (Post nr. 6329)

MARC-detaljer
000 -LEADER
fixed length control field 03648cam a22008537a 4500
001 - CONTROL NUMBER
control field 11572976
003 - CONTROL NUMBER IDENTIFIER
control field LIBRIS
005 - DATE AND TIME OF LATEST TRANSACTION
control field 20210107153704.0
008 - FIXED-LENGTH DATA ELEMENTS--GENERAL INFORMATION
fixed length control field 090821s2009 xxu|||||||||||001 0|eng|c
010 ## - LIBRARY OF CONGRESS CONTROL NUMBER
LC control number 2008014011
016 7# - NATIONAL BIBLIOGRAPHIC AGENCY CONTROL NUMBER
Record control number 101469815
Source DNLM
020 ## - INTERNATIONAL STANDARD BOOK NUMBER
International Standard Book Number 9780781777278
Qualifying information alk. paper
020 ## - INTERNATIONAL STANDARD BOOK NUMBER
International Standard Book Number 0781777275
Qualifying information alk. paper
035 ## - SYSTEM CONTROL NUMBER
System control number (OCoLC)ocn214300131
040 ## - CATALOGING SOURCE
Original cataloging agency DNLM/DLC
Modifying agency NLM
-- BAKER
-- BTCTA
-- YDXCP
-- C#P
-- BWX
-- VAM
-- CDX
-- IG#
-- Mav
Description conventions a
041 ## - LANGUAGE CODE
Language code of text/sound track or separate title eng
050 00 - LIBRARY OF CONGRESS CALL NUMBER
Classification number RA645.5
Item number .P377 2009
060 00 - NATIONAL LIBRARY OF MEDICINE CALL NUMBER
Classification number 2008 K-788
060 10 - NATIONAL LIBRARY OF MEDICINE CALL NUMBER
Classification number WX 215
Item number P298 2009
082 04 - DEWEY DECIMAL CLASSIFICATION NUMBER
Classification number 362.18
Edition number 22
084 ## - OTHER CLASSIFICATION NUMBER
Classification number Vp
Number source kssb/8
084 ## - OTHER CLASSIFICATION NUMBER
Classification number Ve
Number source kssb/8
245 10 - TITLE STATEMENT
Title Patient safety in emergency medicine /
Statement of responsibility, etc. [edited by] Pat Croskerry ..
264 #1 - PRODUCTION, PUBLICATION, DISTRIBUTION, MANUFACTURE, AND COPYRIGHT NOTICE
Place of production, publication, distribution, manufacture Philadelphia :
Name of producer, publisher, distributor, manufacturer Wolters Kluwer Health/Lippincott Williams & Wilkins,
Date of production, publication, distribution, manufacture, or copyright notice cop. 2009
300 ## - PHYSICAL DESCRIPTION
Extent xvii, 428 s.
Other physical details ill.
Dimensions 29 cm
340 ## - PHYSICAL MEDIUM
Dimensions 29 cm
504 ## - BIBLIOGRAPHY, ETC. NOTE
Bibliography, etc. note Includes bibliographical references and index.
650 #7 - SUBJECT ADDED ENTRY--TOPICAL TERM
Topical term or geographic name entry element Patientsäkerhet
Authority record control number or standard number https://id.kb.se/term/sao/Patients%C3%A4kerhet
Source of heading or term sao
650 #7 - SUBJECT ADDED ENTRY--TOPICAL TERM
Topical term or geographic name entry element Akutmedicin
Authority record control number or standard number https://id.kb.se/term/sao/Akutmedicin
Source of heading or term sao
650 #0 - SUBJECT ADDED ENTRY--TOPICAL TERM
Topical term or geographic name entry element Emergency medical services.
650 #0 - SUBJECT ADDED ENTRY--TOPICAL TERM
Topical term or geographic name entry element Emergency medicine.
650 #0 - SUBJECT ADDED ENTRY--TOPICAL TERM
Topical term or geographic name entry element Patients
General subdivision Safety measures.
650 #0 - SUBJECT ADDED ENTRY--TOPICAL TERM
Topical term or geographic name entry element Medical errors
General subdivision Prevention.
650 12 - SUBJECT ADDED ENTRY--TOPICAL TERM
Topical term or geographic name entry element Emergency Medical Services
General subdivision organization & administration.
650 12 - SUBJECT ADDED ENTRY--TOPICAL TERM
Topical term or geographic name entry element Medical Errors
General subdivision prevention & control.
650 22 - SUBJECT ADDED ENTRY--TOPICAL TERM
Topical term or geographic name entry element Safety Management
General subdivision methods.
650 #0 - SUBJECT ADDED ENTRY--TOPICAL TERM
Topical term or geographic name entry element Emergency medicine
653 ## - INDEX TERM--UNCONTROLLED
Uncontrolled term Akutvård
653 ## - INDEX TERM--UNCONTROLLED
Uncontrolled term Akutmedicin
653 ## - INDEX TERM--UNCONTROLLED
Uncontrolled term Patientsäkerhet
653 ## - INDEX TERM--UNCONTROLLED
Uncontrolled term Behandlingsfel
653 ## - INDEX TERM--UNCONTROLLED
Uncontrolled term Prevention
653 ## - INDEX TERM--UNCONTROLLED
Uncontrolled term Emergency nursing
653 ## - INDEX TERM--UNCONTROLLED
Uncontrolled term Emergency medicine
653 ## - INDEX TERM--UNCONTROLLED
Uncontrolled term Patient safety
653 ## - INDEX TERM--UNCONTROLLED
Uncontrolled term Medical errors
700 1# - ADDED ENTRY--PERSONAL NAME
Personal name Croskerry, Pat
Relationship edt
856 41 - ELECTRONIC LOCATION AND ACCESS
Materials specified Table of contents only
Uniform Resource Identifier <a href="http://www.loc.gov/catdir/enhancements/fy0828/2008014011-t.html">http://www.loc.gov/catdir/enhancements/fy0828/2008014011-t.html</a>
856 42 - ELECTRONIC LOCATION AND ACCESS
Materials specified Publisher description
Uniform Resource Identifier <a href="http://www.loc.gov/catdir/enhancements/fy0828/2008014011-d.html">http://www.loc.gov/catdir/enhancements/fy0828/2008014011-d.html</a>
887 ## - NON-MARC INFORMATION FIELD
Content of non-MARC field {"@id":"j2vvsgpv4t3kwx6","modified":"2012-01-27T08:02:31+01:00","checksum":"88669783124"}
Source of data librisxl
887 ## - NON-MARC INFORMATION FIELD
Content of non-MARC field {"@id":"x282h5j3270bh49","modified":"2015-03-11T14:11:03+01:00","checksum":"80375680511"}
Source of data librisxl
887 ## - NON-MARC INFORMATION FIELD
Content of non-MARC field {"@id":"jnvz6wdp36ps1hp","modified":"2020-02-26T14:06:14.764+01:00","checksum":"90650457813"}
Source of data librisxl
887 ## - NON-MARC INFORMATION FIELD
Content of non-MARC field {"@id":"glsvnvxm5rnxnpg","modified":"2018-01-04T18:35:00+01:00","checksum":"98794042196"}
Source of data librisxl
887 ## - NON-MARC INFORMATION FIELD
Content of non-MARC field {"@id":"8dlnwztf223bsr9","modified":"2009-10-06T16:42:02+02:00","checksum":"73186608921"}
Source of data librisxl
887 ## - NON-MARC INFORMATION FIELD
Content of non-MARC field {"@id":"8ksvcv8t6czw4lpf","modified":"2019-08-21T12:16:32.384+02:00","checksum":"82385133589"}
Source of data librisxl
887 ## - NON-MARC INFORMATION FIELD
Content of non-MARC field {"@id":"qv24t16w5gdzgdb","modified":"2009-11-05T12:43:42+01:00","checksum":"76633822310"}
Source of data librisxl
887 ## - NON-MARC INFORMATION FIELD
Content of non-MARC field {"@id":"tz5j3l002cht90b","modified":"2019-12-02T13:03:12.885+01:00","checksum":"89757154486"}
Source of data librisxl
942 ## - ADDED ENTRY ELEMENTS (KOHA)
Source of classification or shelving scheme Other/Generic Classification Scheme
Koha item type Bok
Bestånd
Withdrawn status Lost status Source of classification or shelving scheme Damaged status Not for loan Home library Current library Date acquired Total Checkouts Full call number Barcode Date last seen Price effective from Koha item type
    Other/Generic Classification Scheme     Karlskoga Lasarettsbibliotek Karlskoga Lasarettsbibliotek 07/01/2021   WX 215 26157009956 11/01/2021 07/01/2021 Bok
Medicinska biblioteket, Karlskoga lasarett
Måndag och onsdag: 10.00-14.30, Lunchstängt 11.30-12.00.
Fredagar: 10.00-12.00.

Madelene Ribbing, bibliotekarie
Lena Mileraux, biblioteksassistent/administratör
0586-664 49
medbibl.kgalas@regionorebrolan.se




Medicinska biblioteket, Lindesbergs lasarett
Dörren till bibliotket är upplåst mellan 07-16:00 på vardagar.
Dörren i hisshallen är öppen måndag - tosdag 7.00 - 15.00. Fredagar stängt.

Bibliotekets bemanning:
Mån: självbetjäning
Tis, ons och tors: 10-15
Fre: självbetjäning

Madelene Ribbing, bibliotekarie
Telefon: 0581-853 11, 072-14 77 552
medbibl.lbglas@regionorebrolan.se